00689nam a2200193 i 4500001000700000003000900007005001700016008004100033080001000074100002100084245016000105260003700265300002100302490005200323650002600375700002100401830005200422852002100474183261ES-MaACL20230906221840.0140204s1953 sp |||| | spa d a530.11 aChilds, W. H, J.10aConstantes físicas seleccionadas para estudiantes / cpor W. H. J. Childs... ; traducción de la séptima edición inglesa por J[ulio] Figuera Andú. a[Madrid : bS.A.E.T.A., c1953?] a87 p. ; c17 cm.1 aMonografías Methuen's sobre temas de física 4aConstantes físicas.0 aFiguera Andu, J.0 aMonografías Methuen's sobre temas de física aES-MaACLjE-5194